Danmarks gennemstukne frimaerker 1863 (Record no. 2000)

000 -LEADER
fixed length control field 00476nam a22000977a 4500
008 - FIXED-LENGTH DATA ELEMENTS--GENERAL INFORMATION
fixed length control field 160509b xxu||||| |||| 00| 0 eng d
100 ## - MAIN ENTRY--AUTHOR'S NAME
Author's Name Schmidt-Andersen, J.
245 ## - TITLE STATEMENT
Title Danmarks gennemstukne frimaerker 1863
260 ## - PUBLICATION, DISTRIBUTION, ETC. (IMPRINT)
Place of publication, distribution, etc. Kobenhavn
Name of publisher, distributor, etc. Kobenhavns Philatelist Klub
Date of publication, distribution, etc. 1962
650 ## - TOPICAL TERM (Tag)
Topical term or geographic name Denmark | 1863 | 19th Century | Definitive Issues | Classic Issues | Production | Perforation | Sheets and Panes | Plates and Plating | Errors and Varieties | Stamps -- Histories | Perforating Machines
Holdings
Withdrawn status Lost status Source of classification or shelving scheme Damaged status Koha normalized classification for sorting Not for loan Permanent Location Current Location Date acquired Total Checkouts Full call number Barcode Date last seen Price effective from
        G6921 D313 S354   Northern Philatelic Library Northern Philatelic Library 05/09/2016   G6921 D313 S354 1002324 05/09/2016 05/09/2016

Powered by Koha